Cubitt Building and Interiors Ltd v Richardson Roofing (Industrial) Ltd (Record no. 80700)

MARC details
000 -LEADER
fixed length control field 02755cad a22003135a 4500
001 - CONTROL NUMBER
control field L145105
008 - FIXED-LENGTH DATA ELEMENTS--GENERAL INFORMATION
fixed length control field 080908e20080509xxk f v 000 0 eng d
035 ## - SYSTEM CONTROL NUMBER
System control number (Sirsi) u145105
041 0# - LANGUAGE CODE
Language code of text/sound track or separate title eng
245 00 - TITLE STATEMENT
Title Cubitt Building and Interiors Ltd v Richardson Roofing (Industrial) Ltd
Medium [electronic resource]
260 ## - PUBLICATION, DISTRIBUTION, ETC.
Date of publication, distribution, etc. 2008
520 ## - SUMMARY, ETC.
Summary, etc. [2008] EWHC 1020 (TCC), 9 May 2008. The case considers when a contract is formed between an employer and a contractor; whether a party should be restrained from continuing with an arbitration; and whether adjudication should be enable before any further proceedings. Cubitt Building and Interiors Limited (C) sent a tender enquiry to Richardson Roofing (R), who gave its quote after a second request. A pre-contract meeting was held where substantial agreements were reached. Soon after (C) sent a standard letter of intent requesting to accept it as notification of instructions to proceed with the work for a set price. (R) did not sign neither returned the letter. As stipulated in the letter, a formal subcontract would be sent to Richardson, who still did not sign it. The judge had to decide if a contract was formed and when; and if Richardson should stop the arbitration that he started in favour of an adjudication. Held: The judge decided that the contract was formed at the pre-contract meeting as substantial agreements were taken then. The judge considered that a party cannot be forced to stop an arbitration of litigation in accordance with the contract, unless the contract specifically states that disputes must be decided by adjudication in the first instance.
590 ## - LOCAL NOTE (RLIN)
Local note KA
650 24 - SUBJECT ADDED ENTRY--TOPICAL TERM
Topical term or geographic name entry element HOUSING GRANTS, CONSTRUCTION AND REGENERATION ACT 1996 S107
650 24 - SUBJECT ADDED ENTRY--TOPICAL TERM
Topical term or geographic name entry element DOM/1
650 24 - SUBJECT ADDED ENTRY--TOPICAL TERM
Topical term or geographic name entry element ARBITRATION ACT 1996
650 24 - SUBJECT ADDED ENTRY--TOPICAL TERM
Topical term or geographic name entry element JCT STANDARD FORM OF BUILDING CONTRACT PRIVATE WITH QUANTITIES (1998 EDITION)
650 24 - SUBJECT ADDED ENTRY--TOPICAL TERM
Topical term or geographic name entry element CUBITT BUILDING AND INTERIORS LTD V RICHARDSON ROOFING (INDUSTRIAL) LTD
650 24 - SUBJECT ADDED ENTRY--TOPICAL TERM
Topical term or geographic name entry element POSEIDON FREIGHT FORWARDING LTD V DAVIES TURNER SOUTHERN LTD
650 24 - SUBJECT ADDED ENTRY--TOPICAL TERM
Topical term or geographic name entry element DGT STEEL AND CLADDING LTD V CUBITT BUILDING AND INTERIORS LTD
650 24 - SUBJECT ADDED ENTRY--TOPICAL TERM
Topical term or geographic name entry element BRITISH STEEL CORPORATION V CLEVELAND BRIDGE AND ENGINEERING CO
650 24 - SUBJECT ADDED ENTRY--TOPICAL TERM
Topical term or geographic name entry element ROBERTSON V FRENCH
651 #4 - SUBJECT ADDED ENTRY--GEOGRAPHIC NAME
Geographic name England and Wales
Chronological subdivision 1543-
690 ## - LOCAL SUBJECT ADDED ENTRY--TOPICAL TERM (OCLC, RLIN)
Topical term or geographic name as entry element BUILT ENVIRONMENT-CONSTRUCTION MANAGEMENT-BUILDING CONTRACT ADMINISTRATION
690 ## - LOCAL SUBJECT ADDED ENTRY--TOPICAL TERM (OCLC, RLIN)
Topical term or geographic name as entry element MANAGEMENT-DISPUTE AVOIDANCE, MANAGEMENT AND RESOLUTION-DISPUTE MANAGEMENT AND RESOLUTION-ARBITRATION
690 ## - LOCAL SUBJECT ADDED ENTRY--TOPICAL TERM (OCLC, RLIN)
Topical term or geographic name as entry element MANAGEMENT-DISPUTE AVOIDANCE, MANAGEMENT AND RESOLUTION-DISPUTE MANAGEMENT AND RESOLUTION-ALTERNATIVE DISPUTE RESOLUTION-ADJUDICATION
856 40 - ELECTRONIC LOCATION AND ACCESS
Uniform Resource Identifier <a href="https://www.bailii.org/ew/cases/EWHC/TCC/2008/1020.html">https://www.bailii.org/ew/cases/EWHC/TCC/2008/1020.html</a>
Public note View the case free of charge at www.bailli.org...
942 ## - ADDED ENTRY ELEMENTS (KOHA)
Suppress in OPAC 0
Holdings
Withdrawn status Lost status Source of classification or shelving scheme Damaged status Not for loan Home library Current library Shelving location Date acquired Total Checkouts Full call number Barcode Date last seen Copy number Price effective from Koha item type
    Dewey Decimal Classification     Virtual Virtual Online 08/09/2008   ONLINE PUBLICATION 145105-1001 06/08/2019 1 06/08/2019 Law report